Toutes les langues celtiques sur une carte - Statistiques

Statistiques générales
  • Ce quiz a été pris 53 fois
  • Le résultat moyen est 4 sur 6
Réponses sur la Carte
Les réponses sont colorées sur une échelle allant du rouge au vert en fonction du pourcentage des utilisateurs qui les ont devinées à leur premier essai. Vous pouvez retrouver ces pourcentages ci-dessous.
 
Statistiques - réponses
L1 L2 % de la région L1 % de la région L2 Langues % Correct
222 k 356 k 6% 11% Breton
93%
238 k 2,1 M 3% 29% Irlandais
89%
58 k 87 k 1% 2% Gaélique écossais
87%
562 k 905 k 18% 29% Gallois
78%
0 563 0% <1% Cornique
39%
23 2,2 k <1% 2% Mannois
39%
Aucun quiz correspondant
Distribution des résultats
% des personnes avec chaque résultat
Percentile par nombre de réponses
Votre historique - résultats
Vous n’avez pas pris ce quiz